[Event "ODJM B 2023"]
[Site "Willingen GER"]
[Date "2023.06.01"]
[Round "7"]
[White "Vollmar, Timo"]
[Black "Eitel, Luc"]
[Result "1-0"]
[Termination "normal"]
[Board "14"]
[WhiteElo "1817"]
[BlackElo "1424"]
[WhiteClock "00:43:24"]
[BlackClock "00:17:16"]
[PlyCount "93"]
[WhiteFideId "16253582"]
[BlackFideId "16299728"]
[EventCountry "GER"]
[EventRounds "9"]
[EventType "swiss"]
[EventDate "2023.05.27"]

1. e4 {[%clk 01:30:57]} {[%emt 00:00:01]} c5 {[%clk 01:30:55]} {[%emt
00:00:06]} 2. c3 {[%clk 01:31:18]} {[%emt 00:00:09]} Nc6 {[%clk 01:25:01]}
{[%emt 00:06:24]} 3. d4 {[%clk 01:31:30]} {[%emt 00:00:18]} cxd4 {[%clk
01:23:09]} {[%emt 00:02:22]} 4. cxd4 {[%clk 01:31:46]} {[%emt 00:00:14]} d5
{[%clk 01:22:34]} {[%emt 00:01:05]} 5. exd5 {[%clk 01:31:03]} {[%emt 00:01:13]}
Qxd5 {[%clk 01:22:45]} {[%emt 00:00:18]} 6. Nf3 {[%clk 01:30:37]} {[%emt
00:00:56]} Nf6 {[%clk 01:20:11]} {[%emt 00:03:05]} 7. Nc3 {[%clk 01:29:03]}
{[%emt 00:02:04]} Qd8 {[%clk 01:17:40]} {[%emt 00:03:01]} 8. Bc4 {[%clk
01:26:14]} {[%emt 00:03:18]} Bg4 {[%clk 01:16:57]} {[%emt 00:01:13]} 9. Qb3
{[%clk 01:23:48]} {[%emt 00:02:57]} e6 {[%clk 01:11:08]} {[%emt 00:06:19]} 10.
Be3 {[%clk 00:59:12]} {[%emt 00:25:05]} Bb4 {[%clk 00:54:20]} {[%emt 00:17:18]}
11. a3 {[%clk 00:48:57]} {[%emt 00:10:46]} Bxc3+ {[%clk 00:51:31]} {[%emt
00:03:18]} 12. bxc3 {[%clk 00:49:14]} {[%emt 00:00:14]} Qc7 {[%clk 00:49:11]}
{[%emt 00:02:50]} 13. Be2 {[%clk 00:43:20]} {[%emt 00:06:23]} O-O {[%clk
00:45:06]} {[%emt 00:04:36]} 14. O-O {[%clk 00:43:17]} {[%emt 00:00:33]} Nd5
{[%clk 00:44:52]} {[%emt 00:00:45]} 15. c4 {[%clk 00:41:08]} {[%emt 00:02:38]}
Nxe3 {[%clk 00:43:42]} {[%emt 00:01:39]} 16. fxe3 {[%clk 00:41:25]} {[%emt
00:00:14]} Rac8 {[%clk 00:37:41]} {[%emt 00:06:32]} 17. Rac1 {[%clk 00:40:14]}
{[%emt 00:01:39]} Ne7 {[%emt 00:09:57]} 18. Rf2 {[%clk 00:33:18]} b6 {[%clk
00:26:49]} {[%emt 00:09:21]} 19. h3 {[%clk 00:29:40]} {[%emt 00:04:08]} Bh5
{[%clk 00:24:12]} {[%emt 00:03:05]} 20. Ne5 {[%clk 00:29:28]} {[%emt 00:00:44]}
Bxe2 {[%clk 00:22:43]} {[%emt 00:01:59]} 21. Rxe2 {[%clk 00:29:54]} {[%emt
00:00:04]} Nf5 {[%clk 00:20:04]} {[%emt 00:03:08]} 22. Rec2 {[%clk 00:28:50]}
{[%emt 00:01:35]} Qd6 {[%clk 00:19:26]} {[%emt 00:00:57]} 23. Rc3 {[%clk
00:28:25]} {[%emt 00:01:07]} Ng3 {[%clk 00:17:42]} {[%emt 00:02:13]} 24. Qc2
{[%clk 00:27:06]} {[%emt 00:01:48]} Nf5 {[%clk 00:16:03]} {[%emt 00:02:09]} 25.
Qf2 {[%clk 00:26:09]} {[%emt 00:01:27]} f6 {[%clk 00:14:46]} {[%emt 00:01:47]}
26. Nd3 {[%clk 00:24:57]} {[%emt 00:01:42]} Ng3 {[%clk 00:13:39]} {[%emt
00:01:38]} 27. c5 {[%clk 00:21:44]} {[%emt 00:03:43]} bxc5 {[%emt 00:01:15]}
28. Nxc5 {[%clk 00:21:51]} {[%emt 00:00:22]} Nf5 {[%clk 00:12:08]} {[%emt
00:01:15]} 29. Qa2 {[%clk 00:21:11]} {[%emt 00:01:12]} Rfe8 {[%clk 00:10:53]}
{[%emt 00:01:45]} 30. Nxe6 {[%clk 00:20:16]} {[%emt 00:01:24]} Rxc3 {[%clk
00:10:18]} {[%emt 00:01:07]} 31. Ng5+ {[%clk 00:19:37]} {[%emt 00:01:08]} Qe6
{[%clk 00:09:10]} {[%emt 00:01:38]} 32. Nxe6 {[%clk 00:20:00]} {[%emt
00:00:08]} Rxc1+ {[%clk 00:09:03]} {[%emt 00:00:36]} 33. Kf2 {[%clk 00:20:00]}
{[%emt 00:00:28]} Kh8 {[%clk 00:08:34]} {[%emt 00:01:36]} 34. e4 {[%clk
00:17:47]} {[%emt 00:03:11]} Ne7 {[%clk 00:07:00]} {[%emt 00:02:04]} 35. Qb2
{[%clk 00:16:53]} {[%emt 00:01:23]} Rcc8 {[%clk 00:06:38]} {[%emt 00:00:48]}
36. d5 {[%clk 00:16:47]} {[%emt 00:00:41]} Rb8 {[%clk 00:05:46]} {[%emt
00:01:22]} 37. Qd4 {[%clk 00:16:38]} {[%emt 00:00:38]} Nc6 {[%emt 00:01:04]}
38. Qa4 {[%clk 00:15:16]} {[%emt 00:01:50]} Rbc8 {[%clk 00:02:46]} {[%emt
00:02:59]} 39. Qa6 {[%clk 00:13:38]} {[%emt 00:02:07]} Ne7 {[%clk 00:00:54]}
{[%emt 00:02:23]} 40. Qxa7 {[%clk 00:12:53]} {[%emt 00:01:15]} Ra8 {[%clk
00:00:55]} {[%emt 00:00:30]} 41. Qd7 {[%clk 00:12:38]} {[%emt 00:00:43]} Kg8
{[%clk 00:29:10]} {[%emt 00:02:15]} 42. d6 {[%clk 00:42:31]} {[%emt 00:00:38]}
Kf7 {[%clk 00:25:08]} {[%emt 00:04:31]} 43. dxe7 {[%clk 00:42:44]} {[%emt
00:00:18]} Rxe7 {[%clk 00:23:05]} {[%emt 00:02:33]} 44. Nd8+ {[%clk 00:42:58]}
{[%emt 00:00:16]} Rxd8 {[%clk 00:18:09]} {[%emt 00:05:26]} 45. Qxd8 {[%clk
00:43:07]} {[%emt 00:00:21]} Rxe4 {[%clk 00:17:40]} {[%emt 00:00:58]} 46. Qd5+
{[%clk 00:43:09]} {[%emt 00:00:28]} Re6 {[%clk 00:17:16]} {[%emt 00:00:54]} 47.
a4 {[%clk 00:43:24]} {[%emt 00:00:16]} 1-0

[Event "ODJM B 2023"]
[Site "Willingen GER"]
[Date "2023.06.01"]
[Round "7"]
[White "Frydel, Marcel"]
[Black "Laag, Pascal"]
[Result "0-1"]
[Termination "normal"]
[Board "15"]
[WhiteElo "1346"]
[BlackElo "1642"]
[WhiteClock "00:12:33"]
[BlackClock "00:33:42"]
[PlyCount "70"]
[WhiteFideId "16245733"]
[BlackFideId "16256069"]
[EventCountry "GER"]
[EventRounds "9"]
[EventType "swiss"]
[EventDate "2023.05.27"]

1. d4 {[%clk 01:30:58]} {[%emt 00:00:02]} Nf6 {[%clk 01:30:42]} {[%emt
00:00:19]} 2. c4 {[%clk 01:31:23]} {[%emt 00:00:05]} g6 {[%clk 01:31:04]}
{[%emt 00:00:08]} 3. Nc3 {[%clk 01:31:46]} {[%emt 00:00:07]} Bg7 {[%clk
01:31:19]} {[%emt 00:00:14]} 4. e4 {[%clk 01:32:12]} {[%emt 00:00:04]} d6
{[%clk 01:31:33]} {[%emt 00:00:17]} 5. Be2 {[%clk 01:32:28]} {[%emt 00:00:14]}
O-O {[%clk 01:31:46]} {[%emt 00:00:17]} 6. Nf3 {[%clk 01:32:55]} {[%emt
00:00:03]} Nbd7 {[%clk 01:31:29]} {[%emt 00:00:47]} 7. O-O {[%clk 01:33:11]}
{[%emt 00:00:14]} c6 {[%clk 01:31:00]} {[%emt 00:00:59]} 8. d5 {[%clk
01:28:33]} {[%emt 00:05:08]} Qc7 {[%clk 01:25:23]} {[%emt 00:06:07]} 9. Be3
{[%clk 01:25:24]} {[%emt 00:03:39]} Re8 {[%clk 01:20:46]} {[%emt 00:05:06]} 10.
h3 {[%clk 01:24:21]} {[%emt 00:01:34]} h6 {[%clk 01:17:52]} {[%emt 00:03:23]}
11. Qd2 {[%clk 01:23:38]} {[%emt 00:01:13]} Kh7 {[%clk 01:18:02]} {[%emt
00:00:20]} 12. g4 {[%clk 01:08:39]} {[%emt 00:15:30]} g5 {[%clk 01:11:31]}
{[%emt 00:07:01]} 13. Kg2 {[%clk 01:05:03]} {[%emt 00:04:05]} Nf8 {[%clk
01:11:07]} {[%emt 00:00:55]} 14. Rh1 {[%clk 01:04:05]} {[%emt 00:01:27]} Ng6
{[%clk 01:10:55]} {[%emt 00:00:43]} 15. h4 {[%clk 01:00:05]} {[%emt 00:04:30]}
Bxg4 {[%clk 00:58:18]} {[%emt 00:13:07]} 16. hxg5 {[%clk 00:59:54]} {[%emt
00:00:40]} Nh5 {[%clk 00:58:06]} {[%emt 00:00:42]} 17. gxh6 {[%clk 00:58:49]}
{[%emt 00:01:35]} Bf6 {[%clk 00:57:44]} {[%emt 00:00:53]} 18. Ng5+ {[%clk
00:54:30]} {[%emt 00:04:49]} Bxg5 {[%clk 00:57:26]} {[%emt 00:00:48]} 19. Bxg5
{[%clk 00:53:03]} {[%emt 00:01:58]} Bxe2 {[%clk 00:57:17]} {[%emt 00:00:38]}
20. Nxe2 {[%clk 00:53:09]} {[%emt 00:00:24]} Nf6 {[%clk 00:57:01]} {[%emt
00:00:45]} 21. Bxf6 {[%clk 00:51:32]} {[%emt 00:02:08]} exf6 {[%clk 00:57:28]}
{[%emt 00:00:03]} 22. Ng3 {[%clk 00:50:21]} {[%emt 00:01:41]} Qd7 {[%clk
00:56:30]} {[%emt 00:01:28]} 23. f3 {[%clk 00:49:47]} {[%emt 00:01:04]} Rg8
{[%clk 00:55:53]} {[%emt 00:01:06]} 24. Kf2 {[%clk 00:49:02]} {[%emt 00:01:16]}
Ne5 {[%clk 00:55:35]} {[%emt 00:00:48]} 25. b3 {[%clk 00:49:15]} {[%emt
00:00:16]} Nxf3 {[%clk 00:52:46]} {[%emt 00:03:20]} 26. Qf4 {[%clk 00:42:03]}
{[%emt 00:07:42]} Ne5 {[%clk 00:52:19]} {[%emt 00:00:58]} 27. Qf5+ {[%clk
00:41:22]} {[%emt 00:01:10]} Qxf5+ {[%clk 00:50:42]} {[%emt 00:02:06]} 28. Nxf5
{[%clk 00:40:57]} {[%emt 00:00:56]} cxd5 {[%clk 00:51:03]} {[%emt 00:00:09]}
29. cxd5 {[%clk 00:38:00]} {[%emt 00:03:27]} Rac8 {[%clk 00:50:07]} {[%emt
00:01:25]} 30. Rhg1 {[%clk 00:33:00]} {[%emt 00:05:31]} Rc2+ {[%clk 00:42:25]}
{[%emt 00:08:11]} 31. Ke3 {[%clk 00:26:02]} {[%emt 00:07:28]} Rgc8 {[%clk
00:36:40]} {[%emt 00:06:15]} 32. Rgf1 {[%clk 00:16:53]} {[%emt 00:09:40]} R8c3+
{[%clk 00:34:24]} {[%emt 00:02:46]} 33. Kf4 {[%clk 00:16:52]} {[%emt 00:00:30]}
Rg2 {[%clk 00:34:13]} {[%emt 00:00:41]} 34. Nxd6 {[%clk 00:15:41]} {[%emt
00:01:42]} Kg6 {[%clk 00:33:52]} {[%emt 00:00:51]} 35. Nxf7 {[%clk 00:12:33]}
{[%emt 00:03:37]} Rg4# {[%clk 00:33:42]} {[%emt 00:00:09]} 0-1

[Event "ODJM B 2023"]
[Site "Willingen GER"]
[Date "2023.06.01"]
[Round "7"]
[White "Kratz, Alexander"]
[Black "Müller, Sophie Charlotte"]
[Result "1-0"]
[Termination "normal"]
[Board "16"]
[WhiteElo "1773"]
[BlackElo "1442"]
[WhiteClock "00:33:06"]
[BlackClock "00:05:45"]
[PlyCount "73"]
[WhiteFideId "16228529"]
[BlackFideId "16246683"]
[EventCountry "GER"]
[EventRounds "9"]
[EventType "swiss"]
[EventDate "2023.05.27"]

1. Nf3 {[%clk 01:30:46]} {[%emt 00:00:02]} d5 {[%clk 01:30:54]} {[%emt
00:00:19]} 2. g3 {[%clk 01:31:09]} {[%emt 00:00:06]} Bg4 {[%clk 01:31:18]}
{[%emt 00:00:06]} 3. Bg2 {[%clk 01:31:28]} {[%emt 00:00:09]} Nd7 {[%clk
01:31:44]} {[%emt 00:00:06]} 4. c4 {[%clk 01:31:44]} {[%emt 00:00:14]} c6
{[%clk 01:31:51]} {[%emt 00:00:24]} 5. cxd5 {[%clk 01:32:07]} {[%emt 00:00:06]}
cxd5 {[%clk 01:32:16]} {[%emt 00:00:05]} 6. Nc3 {[%clk 01:32:26]} {[%emt
00:00:11]} Ngf6 {[%clk 01:32:20]} {[%emt 00:00:26]} 7. Qb3 {[%clk 01:32:17]}
{[%emt 00:00:39]} Nb6 {[%clk 01:30:15]} {[%emt 00:02:35]} 8. Ne5 {[%clk
01:29:26]} {[%emt 00:03:20]} e6 {[%clk 01:10:18]} {[%emt 00:20:27]} 9. Qb5+
{[%clk 01:26:20]} {[%emt 00:03:37]} Nbd7 {[%clk 01:07:52]} {[%emt 00:02:56]}
10. Nxg4 {[%clk 01:25:52]} {[%emt 00:00:57]} Nxg4 {[%clk 01:08:09]} {[%emt
00:00:14]} 11. Qxb7 {[%clk 01:23:54]} {[%emt 00:02:28]} Bc5 {[%clk 01:06:00]}
{[%emt 00:02:39]} 12. O-O {[%clk 01:21:58]} {[%emt 00:02:25]} O-O {[%clk
01:05:39]} {[%emt 00:00:51]} 13. d3 {[%clk 01:17:37]} {[%emt 00:04:52]} Nde5
{[%clk 00:32:59]} {[%emt 00:33:10]} 14. h3 {[%clk 01:05:16]} {[%emt 00:12:50]}
Nf6 {[%clk 00:31:50]} {[%emt 00:01:39]} 15. Qb3 {[%clk 01:02:15]} {[%emt
00:03:33]} a6 {[%clk 00:28:15]} {[%emt 00:04:04]} 16. Kh2 {[%clk 00:54:00]}
{[%emt 00:08:45]} Nfd7 {[%clk 00:25:12]} {[%emt 00:03:34]} 17. f4 {[%clk
00:52:44]} {[%emt 00:01:45]} Ng6 {[%clk 00:22:28]} {[%emt 00:03:13]} 18. e4
{[%clk 00:51:21]} {[%emt 00:01:54]} Rb8 {[%clk 00:18:54]} {[%emt 00:04:04]} 19.
Qd1 {[%clk 00:49:51]} {[%emt 00:02:00]} Nb6 {[%clk 00:16:53]} {[%emt 00:02:31]}
20. exd5 {[%clk 00:48:56]} {[%emt 00:01:25]} exd5 {[%clk 00:16:16]} {[%emt
00:01:07]} 21. f5 {[%clk 00:49:14]} {[%emt 00:00:12]} Be7 {[%clk 00:06:50]}
{[%emt 00:09:56]} 22. fxg6 {[%clk 00:49:04]} {[%emt 00:00:40]} fxg6 {[%clk
00:07:18]} {[%emt 00:00:02]} 23. Bf4 {[%clk 00:49:01]} {[%emt 00:00:32]} Rc8
{[%clk 00:07:09]} {[%emt 00:00:40]} 24. Qb3 {[%clk 00:44:55]} {[%emt 00:04:35]}
Kh8 {[%clk 00:05:46]} {[%emt 00:01:53]} 25. Rac1 {[%clk 00:41:06]} {[%emt
00:04:19]} d4 {[%clk 00:05:07]} {[%emt 00:01:10]} 26. Ne4 {[%clk 00:35:03]}
{[%emt 00:06:33]} Nd7 {[%clk 00:04:24]} {[%emt 00:01:12]} 27. Rxc8 {[%clk
00:34:39]} {[%emt 00:00:54]} Qxc8 {[%clk 00:04:53]} {[%emt 00:00:02]} 28. Bd6
{[%clk 00:30:43]} {[%emt 00:04:26]} Rxf1 {[%clk 00:04:02]} {[%emt 00:01:21]}
29. Bxf1 {[%clk 00:31:06]} {[%emt 00:00:07]} Bf8 {[%clk 00:04:07]} {[%emt
00:00:25]} 30. Bxf8 {[%clk 00:30:47]} {[%emt 00:00:48]} Qxf8 {[%clk 00:04:24]}
{[%emt 00:00:13]} 31. Bg2 {[%clk 00:31:01]} {[%emt 00:00:16]} h6 {[%clk
00:04:41]} {[%emt 00:00:13]} 32. Qe6 {[%clk 00:31:04]} {[%emt 00:00:27]} Nf6
{[%clk 00:04:40]} {[%emt 00:00:31]} 33. Nxf6 {[%clk 00:31:27]} {[%emt
00:00:07]} Qxf6 {[%clk 00:05:06]} {[%emt 00:00:04]} 34. Qxf6 {[%clk 00:31:52]}
{[%emt 00:00:06]} gxf6 {[%clk 00:05:35]} {[%emt 00:00:01]} 35. g4 {[%clk
00:32:15]} {[%emt 00:00:07]} a5 {[%clk 00:05:26]} {[%emt 00:00:40]} 36. a3
{[%clk 00:32:36]} {[%emt 00:00:08]} Kg7 {[%clk 00:05:45]} {[%emt 00:00:10]} 37.
b4 {[%clk 00:33:06]} 1-0

[Event "ODJM B 2023"]
[Site "Willingen GER"]
[Date "2023.06.01"]
[Round "7"]
[White "Krömer, Emanuel"]
[Black "Kraus, Linus"]
[Result "1/2-1/2"]
[Termination "normal"]
[Board "17"]
[WhiteElo "1496"]
[BlackElo "1532"]
[WhiteClock "00:06:34"]
[BlackClock "00:31:14"]
[PlyCount "64"]
[WhiteFideId "16287070"]
[BlackFideId "34629629"]
[EventCountry "GER"]
[EventRounds "9"]
[EventType "swiss"]
[EventDate "2023.05.27"]

1. d4 {[%clk 01:30:59]} d5 {[%clk 01:30:30]} {[%emt 00:00:29]} 2. Nc3 {[%clk
01:29:25]} {[%emt 00:02:06]} Nf6 {[%clk 01:29:29]} {[%emt 00:01:29]} 3. Bf4
{[%clk 01:28:15]} {[%emt 00:01:41]} a6 {[%clk 01:28:11]} {[%emt 00:01:46]} 4.
e3 {[%clk 01:26:51]} {[%emt 00:01:56]} e6 {[%clk 01:27:08]} {[%emt 00:01:32]}
5. Bd3 {[%clk 01:25:35]} {[%emt 00:01:47]} Nbd7 {[%clk 01:26:25]} {[%emt
00:01:13]} 6. Nf3 {[%clk 01:24:38]} {[%emt 00:01:27]} Be7 {[%clk 01:23:52]}
{[%emt 00:03:02]} 7. O-O {[%clk 01:23:27]} {[%emt 00:01:42]} b6 {[%clk
01:22:51]} {[%emt 00:01:31]} 8. Ne5 {[%clk 01:22:52]} {[%emt 00:01:05]} Bb7
{[%clk 01:22:53]} {[%emt 00:00:28]} 9. Ne2 {[%clk 01:18:41]} {[%emt 00:04:42]}
O-O {[%clk 01:22:16]} {[%emt 00:01:05]} 10. f3 {[%clk 01:18:43]} {[%emt
00:00:28]} c5 {[%clk 01:20:53]} {[%emt 00:01:53]} 11. c3 {[%emt 00:00:18]} Rc8
{[%clk 01:19:37]} {[%emt 00:01:43]} 12. g4 {[%clk 01:10:39]} {[%emt 00:08:51]}
Nxe5 {[%clk 01:07:40]} {[%emt 00:12:25]} 13. Bxe5 {[%clk 01:06:17]} {[%emt
00:04:53]} h5 {[%clk 01:00:37]} {[%emt 00:07:33]} 14. Kh1 {[%clk 00:40:45]}
{[%emt 00:26:02]} hxg4 {[%clk 00:55:42]} {[%emt 00:05:25]} 15. Rg1 {[%clk
00:39:54]} {[%emt 00:01:22]} Bd6 {[%clk 00:53:59]} {[%emt 00:02:12]} 16. f4
{[%clk 00:23:53]} {[%emt 00:16:31]} Bxe5 {[%clk 00:45:38]} {[%emt 00:08:50]}
17. fxe5 {[%clk 00:24:14]} {[%emt 00:00:10]} Ne4 {[%clk 00:45:43]} {[%emt
00:00:25]} 18. Bxe4 {[%clk 00:23:37]} {[%emt 00:01:07]} dxe4 {[%clk 00:46:05]}
{[%emt 00:00:09]} 19. Rxg4 {[%clk 00:23:17]} {[%emt 00:00:50]} g6 {[%clk
00:45:26]} {[%emt 00:01:08]} 20. Qf1 {[%clk 00:20:15]} {[%emt 00:03:32]} Kg7
{[%clk 00:44:29]} {[%emt 00:01:26]} 21. Qg2 {[%clk 00:17:01]} {[%emt 00:03:45]}
Rh8 {[%clk 00:42:38]} {[%emt 00:02:20]} 22. Nf4 {[%clk 00:11:56]} {[%emt
00:00:56]} Rh6 {[%clk 00:42:49]} {[%emt 00:04:58]} 23. Rg1 {[%clk 00:07:34]}
{[%emt 00:04:54]} Qe8 {[%clk 00:43:06]} {[%emt 00:00:12]} 24. Qf2 {[%clk
00:07:53]} {[%emt 00:00:11]} cxd4 {[%clk 00:42:53]} {[%emt 00:00:43]} 25. cxd4
{[%clk 00:08:11]} {[%emt 00:00:12]} Rc7 {[%clk 00:41:36]} {[%emt 00:01:48]} 26.
Rg5 {[%clk 00:07:54]} {[%emt 00:00:47]} Kh7 {[%clk 00:34:44]} {[%emt 00:07:22]}
27. h4 {[%clk 00:06:42]} {[%emt 00:01:41]} Qc8 {[%clk 00:32:38]} {[%emt
00:02:35]} 28. h5 {[%clk 00:05:29]} {[%emt 00:01:43]} Rc2 {[%clk 00:32:46]}
{[%emt 00:00:23]} 29. Qf1 {[%clk 00:05:55]} {[%emt 00:00:05]} Rxb2 {[%clk
00:32:01]} {[%emt 00:01:15]} 30. Nxg6 {[%clk 00:06:08]} {[%emt 00:00:16]} fxg6
{[%clk 00:30:35]} {[%emt 00:01:55]} 31. Qf7+ {[%clk 00:06:22]} {[%emt
00:00:17]} Kh8 {[%clk 00:30:58]} {[%emt 00:00:06]} 32. Qf6+ {[%clk 00:06:34]}
{[%emt 00:00:19]} Kh7 {[%clk 00:31:14]} {[%emt 00:00:14]} 1/2-1/2

[Event "ODJM B 2023"]
[Site "Willingen GER"]
[Date "2023.06.01"]
[Round "7"]
[White "Hepp, Daniel"]
[Black "Duchstein, Anna"]
[Result "1/2-1/2"]
[Termination "normal"]
[Board "19"]
[WhiteElo "1442"]
[BlackElo "1568"]
[WhiteClock "00:58:08"]
[BlackClock "00:33:36"]
[PlyCount "47"]
[WhiteFideId "34608567"]
[BlackFideId "16261372"]
[EventCountry "GER"]
[EventRounds "9"]
[EventType "swiss"]
[EventDate "2023.05.27"]

1. e4 {[%clk 01:30:59]} {[%emt 00:00:01]} c5 {[%clk 01:30:55]} {[%emt
00:00:05]} 2. d4 {[%clk 01:31:18]} {[%emt 00:00:11]} cxd4 {[%clk 01:31:15]}
{[%emt 00:00:10]} 3. c3 {[%clk 01:31:43]} {[%emt 00:00:06]} dxc3 {[%clk
01:31:39]} {[%emt 00:00:05]} 4. Nxc3 {[%clk 01:32:08]} {[%emt 00:00:06]} Nf6
{[%clk 01:30:28]} {[%emt 00:01:41]} 5. e5 {[%clk 01:32:19]} {[%emt 00:00:18]}
Ng8 {[%clk 01:30:34]} {[%emt 00:00:24]} 6. Nf3 {[%clk 01:32:21]} {[%emt
00:00:28]} Nc6 {[%clk 01:30:42]} {[%emt 00:00:22]} 7. Bc4 {[%clk 01:32:18]}
{[%emt 00:00:33]} e6 {[%clk 01:26:27]} {[%emt 00:04:46]} 8. Bf4 {[%clk
01:32:10]} {[%emt 00:00:38]} Bb4 {[%clk 01:25:06]} {[%emt 00:01:51]} 9. O-O
{[%clk 01:31:04]} {[%emt 00:01:36]} Bxc3 {[%clk 01:25:02]} {[%emt 00:00:33]}
10. bxc3 {[%clk 01:31:27]} {[%emt 00:00:07]} Nge7 {[%clk 01:23:40]} {[%emt
00:01:52]} 11. Ng5 {[%clk 01:29:37]} {[%emt 00:02:20]} Ng6 {[%clk 01:13:04]}
{[%emt 00:11:06]} 12. Qh5 {[%clk 01:28:55]} {[%emt 00:01:12]} Qe7 {[%clk
01:13:15]} {[%emt 00:00:19]} 13. Nxh7 {[%clk 01:26:56]} {[%emt 00:02:29]} Qh4
{[%clk 01:08:26]} {[%emt 00:05:18]} 14. Qxh4 {[%clk 01:27:04]} {[%emt
00:00:23]} Nxh4 {[%clk 01:08:45]} {[%emt 00:00:10]} 15. Bd3 {[%clk 01:26:40]}
{[%emt 00:00:55]} Ne7 {[%clk 01:05:21]} {[%emt 00:03:54]} 16. Bg3 {[%clk
01:21:41]} {[%emt 00:05:29]} Nhf5 {[%clk 01:03:43]} {[%emt 00:02:08]} 17. Ng5
{[%clk 01:20:12]} {[%emt 00:01:59]} b6 {[%clk 00:56:24]} {[%emt 00:07:49]} 18.
c4 {[%clk 01:14:48]} {[%emt 00:05:55]} Ba6 {[%emt 00:02:56]} 19. Rfc1 {[%clk
01:11:17]} {[%emt 00:03:59]} Rc8 {[%clk 00:51:43]} {[%emt 00:02:46]} 20. a4
{[%clk 01:09:19]} {[%emt 00:02:29]} Nd4 {[%clk 00:40:59]} {[%emt 00:11:13]} 21.
Ra3 {[%clk 01:05:36]} {[%emt 00:04:14]} Nec6 {[%clk 00:35:48]} {[%emt
00:05:40]} 22. Ne4 {[%clk 01:04:18]} {[%emt 00:01:48]} O-O {[%clk 00:34:55]}
{[%emt 00:01:23]} 23. Nd6 {[%clk 01:04:03]} {[%emt 00:00:45]} Ra8 {[%clk
00:33:36]} {[%emt 00:01:49]} 24. Bf1 {[%clk 00:58:08]} {[%emt 00:06:25]}
1/2-1/2

[Event "ODJM B 2023"]
[Site "Willingen GER"]
[Date "2023.06.01"]
[Round "7"]
[White "Clauß, Annika"]
[Black "Stiehler, Daniel"]
[Result "0-1"]
[Termination "normal"]
[Board "21"]
[WhiteElo "1466"]
[BlackElo "1493"]
[WhiteClock "00:14:28"]
[BlackClock "00:20:31"]
[PlyCount "48"]
[WhiteFideId "16261380"]
[BlackFideId "34604863"]
[EventCountry "GER"]
[EventRounds "9"]
[EventType "swiss"]
[EventDate "2023.05.27"]

1. d4 {[%clk 01:30:57]} {[%emt 00:00:02]} Nf6 {[%clk 01:30:56]} {[%emt
00:00:05]} 2. Nc3 {[%clk 01:31:21]} {[%emt 00:00:06]} d5 {[%clk 01:31:22]}
{[%emt 00:00:04]} 3. Bf4 {[%clk 01:31:43]} {[%emt 00:00:07]} g6 {[%clk
01:31:46]} {[%emt 00:00:07]} 4. e3 {[%clk 01:32:05]} {[%emt 00:00:08]} Bg7
{[%clk 01:32:03]} {[%emt 00:00:12]} 5. Nf3 {[%clk 01:32:14]} {[%emt 00:00:21]}
c6 {[%clk 01:25:40]} {[%emt 00:06:54]} 6. Be2 {[%clk 01:30:58]} {[%emt
00:01:45]} O-O {[%clk 01:25:14]} {[%emt 00:00:57]} 7. Nd2 {[%clk 01:30:02]}
{[%emt 00:01:26]} Nbd7 {[%clk 01:23:46]} {[%emt 00:01:56]} 8. f3 {[%clk
01:30:09]} {[%emt 00:00:25]} Re8 {[%clk 01:20:49]} {[%emt 00:03:26]} 9. Nb3
{[%clk 01:21:11]} {[%emt 00:09:28]} e5 {[%clk 01:15:21]} {[%emt 00:05:58]} 10.
dxe5 {[%clk 01:18:39]} {[%emt 00:03:02]} Nxe5 {[%clk 01:13:04]} {[%emt
00:02:47]} 11. g4 {[%clk 01:18:37]} {[%emt 00:00:32]} h6 {[%clk 01:01:30]}
{[%emt 00:12:05]} 12. h4 {[%clk 01:16:47]} {[%emt 00:02:19]} h5 {[%clk
00:59:34]} {[%emt 00:02:27]} 13. g5 {[%clk 01:14:03]} {[%emt 00:03:14]} Nh7
{[%clk 00:57:45]} {[%emt 00:02:16]} 14. O-O {[%clk 01:03:14]} {[%emt 00:11:21]}
f6 {[%clk 00:47:03]} {[%emt 00:11:12]} 15. Kh1 {[%clk 00:30:46]} {[%emt
00:32:58]} fxg5 {[%clk 00:39:51]} {[%emt 00:07:42]} 16. hxg5 {[%clk 00:30:57]}
{[%emt 00:00:19]} Nxg5 {[%clk 00:37:51]} {[%emt 00:02:30]} 17. Rg1 {[%clk
00:30:04]} {[%emt 00:01:23]} Ngf7 {[%clk 00:34:53]} {[%emt 00:03:27]} 18. Bd3
{[%clk 00:26:45]} {[%emt 00:03:51]} Nxd3 {[%clk 00:30:37]} {[%emt 00:04:45]}
19. Qxd3 {[%clk 00:26:10]} {[%emt 00:01:05]} Bf5 {[%clk 00:30:33]} {[%emt
00:00:34]} 20. e4 {[%clk 00:24:29]} {[%emt 00:02:11]} Qh4+ {[%clk 00:30:08]}
{[%emt 00:00:56]} 21. Bh2 {[%clk 00:23:06]} {[%emt 00:01:53]} dxe4 {[%clk
00:29:32]} {[%emt 00:01:06]} 22. Qc4 {[%clk 00:20:42]} {[%emt 00:02:53]} b5
{[%clk 00:24:27]} {[%emt 00:05:36]} 23. Qxc6 {[%clk 00:18:09]} {[%emt
00:03:03]} exf3 {[%clk 00:22:43]} {[%emt 00:02:13]} 24. Qxb5 {[%clk 00:14:28]}
{[%emt 00:04:11]} Be5 {[%clk 00:20:31]} {[%emt 00:02:40]} 0-1